[Event "Stay Safe Play From Home 184"]
[Site "T#646426Emanuel Laske"]
[Date "2020.05.29"]
[Round "5"]
[White "Eidgenosse"]
[Black "Broken sword"]
[Result "0-1"]
[WhiteElo "2464"]
[BlackElo "2513"]
[Annotator "TA"]
[PlyCount "154"]
[EventDate "2020.05.29"]
[EventType "swiss (blitz)"]

{[%evp 12,154,15,0,4,0,0,-5,16,0,9,0,4,-47,52,51,62,40,54,31,62,55,59,45,36,29,43,36,36,34,47,14,48,62,50,11,12,-5,-13,-169,-171,-161,-145,-383,-369,-457,-232,-227,-215,-309,-264,-499,-492,-504,-484,-444,-203,-323,-322,-455,-295,-302,-190,-185,-132,-122,-107,-130,-52,-160,-78,-131,-131,-339,-312,-306,-306,-300,261,-551,-545,-520,-431,-547,-539,-491,-302,-275,-53,-114,-113,-739,-771,-773,-758,-779,-755,-1000,-766,-590,-590,-647,-8,-8,-8,-8,567,678,308,-8,0,0,0,0,0,0,29969,-29980,29963,-29982,-29983,-29983,-29983,-29983,-29984,-29984,-29985,-29985,-29986,-29986,-29987,-29987,-29988,-29988,-29989,-29989,-29990,-29990,-29990,-29991,-29992,-29993,0,-29994,-29993]} 1. Nf3 d5 2. g3 c6 3. Bg2 Nf6 4. O-O Bf5 5. d3 e6 6. Nbd2 Be7 7. Qe1 Bg6 {A07: Réti Opening: New York and Capablanca Systems.} 8. e4 O-O 9. Qe2 dxe4 {The position is equal.} 10. dxe4 Nbd7 {[#]} 11. Nh4 $146 ({Predecessor:} 11. e5 Nd5 12. Ne4 Qc7 13. Neg5 h6 14. Nh3 Nb4 15. Nf4 Bh7 16. Nd3 Nxd3 17. cxd3 {0-1 (35) Lam,C (1288)-Foo,J (1654) Shenzhen 2019}) 11... Bh5 12. f3 (12. Bf3 $11 Qa5 13. Bxh5 Qxh5 14. Qxh5 Nxh5 15. Nhf3) 12... Bg6 (12... Ne5 $15) 13. Nxg6 hxg6 14. Kh1 Qb6 15. Nb3 Rad8 16. Be3 Qc7 17. Rad1 (17. Bxa7 b6 $17) 17... b6 18. Rd2 a5 19. Rfd1 a4 20. Nc1 Bc5 21. Bg5 Rfe8 22. Nd3 Be7 23. a3 b5 24. Nf4 Ne5 25. Nd3 $2 (25. Rxd8 $11 {and White has nothing to worry.} Rxd8 26. Nd3) 25... Nc4 $19 26. Bf4 Qc8 27. e5 $2 (27. Rf1 $17 {was worth a try.}) 27... Nd5 28. Qe4 Nxd2 (28... g5 $142 29. Bxg5 Bxg5) 29. Bxd2 Rd7 30. Bc1 (30. Ra1 $142) 30... Red8 31. h4 $2 (31. Rg1) 31... c5 32. Rf1 c4 33. Nf2 Nb6 (33... c3 $142 34. f4 Rc7) 34. h5 (34. c3 $142) 34... gxh5 35. f4 (35. c3 $142) 35... Rd4 36. Qf3 g6 37. Be3 Bc5 (37... c3 $19 38. Bxd4 Rxd4 39. bxc3 Rc4) 38. Bxd4 $17 Bxd4 39. Ne4 Nd5 (39... Bxb2 $17 40. Nd6 Qd7) 40. Rd1 (40. c3 $1 $15 Bc5 41. f5) 40... Bc5 ({Better is} 40... Bxb2 {aiming for ...b4.} 41. Rb1 c3) 41. Bh3 ({White should try} 41. f5) 41... Be7 42. g4 $2 (42. c3 $17 {keeps fighting.}) 42... hxg4 43. Bxg4 Kg7 44. Kg2 Rh8 $4 {[%mdl 8192] [#]} (44... Qb7 $19 45. Qf2 c3 46. bxc3 Bxa3) 45. Rh1 $4 {[%mdl 8192]} (45. Rxd5 $1 $18 {[%mdl 512] is the narrow road to win. Threatens to win with Rd4.} c3 (45... exd5 46. Bxc8) 46. Rxb5 (46. Nxc3 b4 $18) 46... cxb2 47. Rxb2) 45... Rxh1 $19 46. Kxh1 Qh8+ 47. Kg2 Qh4 48. Qg3 {White hopes to continue with Qxh4.} Qxg3+ 49. Kxg3 {[%mdl 4096] Endgame KBN-KBN} Ne3 $2 (49... b4 $19 {White must now prevent ...c3.} 50. Be2 c3 51. bxc3 bxa3) 50. Bf3 ({White should play} 50. Nc3 $15) 50... Nxc2 $17 51. Nd6 $2 {[%mdl 8192]} (51. Nc3 $17) 51... Bxd6 $19 52. exd6 {KB-KN} Kf8 53. Bc6 Nd4 54. Bd7 f6 55. Kf2 e5 56. Ke3 Kf7 $2 (56... Nf5+ $19 57. Kd2 Nxd6 58. fxe5 fxe5) 57. fxe5 $11 fxe5 58. Ke4 {[#]} Nf5 $2 {[%mdl 8192]} (58... b4 $1 $11 {and Black is okay.} 59. Bxa4 (59. axb4 a3 $11) 59... bxa3 60. bxa3 Kf6) 59. Kxe5 $18 Ne3 60. Ke4 $2 ({White has to play} 60. Bxb5 $18 {Strongly threatening Kd4.} g5 61. Bxa4) 60... Nd1 61. Kd4 Nxb2 {Hoping for ...b4!} 62. Bxb5 Ke6 63. Kc3 Kxd6 $2 {[%mdl 8192]} (63... Nd1+ $11 64. Kd2 (64. Kxc4 Kxd6 65. Kd4 g5 $11) 64... Nf2) 64. Bxc4 $4 {[%mdl 8192]} (64. Kxb2 g5 65. Bxc4 g4 66. Kc3 g3 67. Bf1 Ke5 68. Bg2 Kf4 69. Bh1) 64... Kc5 $4 {[%mdl 8192]} (64... Nxc4 {avoids the disaster.} 65. Kxc4 Ke5 66. Kc3 g5 67. Kb4 g4 68. Ka5 g3 69. Kb4 g2 70. Kxa4 g1=Q 71. Kb4 Qc1 72. a4 Kd5 73. Kb3 Kd4 74. a5 Qb1+ 75. Ka4 Kc4 76. a6 Qb4#) 65. Bb5 $4 {[%mdl 8192]} (65. Be2 {was the only winning move.} g5 66. Kxb2 Kb6 67. Bg4 Kc6 68. Bf3+ Kc5 69. Kc3 Kb5 70. Kd4) 65... Kxb5 66. Kxb2 {KPP-KP} g5 67. Kc3 g4 68. Kd3 Kc5 69. Ke3 Kc4 70. Kf4 Kb3 71. Kxg4 Kxa3 {KP-K} 72. Kf4 Kb2 73. Ke3 a3 74. Ke4 a2 75. Ke3 a1=Q 76. Ke2 Qd1+ $2 (76... Qg1 {mates} 77. Kf3 Qg5 78. Ke2 Qf4 79. Ke1 Kc1 80. Ke2 Kc2 81. Ke1 Kd3 82. Kd1 Qf1#) 77. Ke3 $2 {[%mdl 8192]} (77. Kxd1 $11 Kc3) 77... Qc1+ {Accuracy: White = 43%, Black = 58%.} 0-1

[Event "Stay Safe Play From Home 184"]
[Site "T#646426Emanuel Laske"]
[Date "2020.05.29"]
[Round "5"]
[White "Mepe_Nika"]
[Black "SoulofWolf"]
[Result "1-0"]
[WhiteElo "2293"]
[BlackElo "2045"]
[Annotator "TA"]
[PlyCount "91"]
[EventDate "2020.05.29"]
[EventType "swiss (blitz)"]

{[%evp 9,91,219,209,200,211,220,223,206,214,186,200,177,183,169,271,210,210,185,251,252,278,274,290,217,225,145,247,146,142,131,193,179,548,546,701,704,705,706,770,757,988,980,984,981,1166,1191,1200,1193,1681,1606,2953,2854,29982,2301,29992,29992,29992,29993,29994,29995,29995,29995,29995,29996,29998,29996,29997,29994,29994,29994,29996,29997,29997,29998,29998,29994,29995,29995,29995,29994,29994,29994,29994,29995]} 1. g3 d5 2. Bg2 f6 ({Predecessor:} 2... e6 3. d3 Nf6 4. Nd2 Be7 5. e4 O-O 6. Ngf3 c5 7. O-O Nc6 8. Re1 b5 9. a4 b4 10. exd5 exd5 11. d4 Re8 12. dxc5 Bxc5 13. Nb3 Rxe1+ 14. Qxe1 Bb6 15. Be3 Be6 16. Nfd4 Rc8 17. Nxe6 fxe6 18. Bxb6 axb6 19. Qxe6+ {1-0 (31) Artemiev,V (2746)-So,W (2767) chess.com INT 2019}) 3. c4 Nh6 4. cxd5 Nd7 5. Nc3 Nb6 6. e4 {A00: Irregular Openings.} Nf7 7. d4 g6 8. h4 {White is clearly better.} Bg7 9. h5 g5 10. f4 h6 11. Qd3 Bd7 (11... c6 $142 12. dxc6 bxc6) 12. Nge2 O-O 13. Be3 a6 (13... Nd6 {might work better.} 14. O-O Qc8) 14. e5 $18 e6 15. dxe6 Bxe6 16. d5 Bg4 17. e6 Nd6 (17... Bxe6 $16 18. Qg6 Nh8) 18. O-O (18. Bc5 $18) 18... Nbc4 $16 19. b3 Bf5 (19... Nxe3 $16 20. Qxe3 Qe8) 20. Qd4 $18 c5 $2 (20... Nxe3 {is a better chance.} 21. Qxe3 Qe8) 21. dxc6 Nxe3 22. Qxe3 bxc6 23. e7 {[%mdl 64] Double Attack} Qe8 24. exf8=Q+ Qxf8 25. fxg5 Re8 26. Qc5 hxg5 27. Rad1 Re6 28. Qxc6 Ne4 29. Qc4 Nxg3 30. Nxg3 Qe8 31. Rxf5 (31. Nxf5 $142 Kh8 32. Qc7 Bf8 {[#]} 33. Rd8 $1 {[%mdl 512]} Bc5+ 34. Kh2 Bf8 35. Rxe8 Rxe8 36. Qf7 $1 {[%mdl 576] Double Attack}) 31... Bh8 {[#]} 32. Bd5 $1 {White mates.} Kh7 33. Bxe6 Qf8 34. Qc7+ Kh6 35. Nce4 g4 36. Rd7 {[%csl Gc7][%cal Rd7h7]} Qg8 {[#]} 37. Rh7+ $1 {[%mdl 64] Decoy} Qxh7 38. Qxh7+ Kxh7 39. Nxf6+ Bxf6 40. Rxf6 Kg7 41. Rg6+ Kf8 42. Bxg4 a5 43. a4 Ke7 44. Rg5 Kd6 45. Rxa5 Kc7 46. Rb5 {Accuracy: White = 54%, Black = 38%.} 1-0

[Event "Stay Safe Play From Home 184"]
[Site "T#646426Emanuel Laske"]
[Date "2020.05.29"]
[Round "5"]
[White "Rogan"]
[Black "Tolka"]
[Result "1/2-1/2"]
[WhiteElo "2275"]
[BlackElo "2285"]
[Annotator "RC"]
[PlyCount "140"]
[EventDate "2020.05.29"]
[EventType "swiss (blitz)"]

1. d4 {[%emt 0:00:01]} d6 {[%emt 0:00:00]} 2. c3 {[%emt 0:00:00]} e5 {[%emt 0:00:01]} 3. Nf3 {[%emt 0:00:00]} Nd7 {[%emt 0:00:02]} 4. dxe5 {[%emt 0:00:01]} dxe5 {[%emt 0:00:02]} 5. Bg5 {[%emt 0:00:00]} Be7 {[%emt 0:00:01]} 6. Bxe7 {[%emt 0:00:01]} Qxe7 {[%emt 0:00:00]} 7. e4 {[%emt 0:00:00]} Ngf6 {[%emt 0:00:01]} 8. Nbd2 {[%emt 0:00:00]} O-O {[%emt 0:00:00]} 9. Bc4 {[%emt 0:00:00]} c6 {[%emt 0:00:01]} 10. O-O {[%emt 0:00:01]} Nb6 {[%emt 0:00:00]} 11. Bb3 {[%emt 0:00:00]} Bg4 {[%emt 0:00:01]} 12. h3 {[%emt 0:00:00]} Bh5 {[%emt 0:00:01]} 13. Re1 {[%emt 0:00:01]} Rad8 {[%emt 0:00:01]} 14. Qe2 {[%emt 0:00:00]} Rxd2 {[%emt 0:00:05]} 15. Qxd2 {[%emt 0:00:01]} Bxf3 {[%emt 0:00:00]} 16. gxf3 {[%emt 0:00:01]} Nh5 {[%emt 0:00:00]} 17. Kh2 {[%emt 0:00:05]} Nf4 {[%emt 0:00:01]} 18. Rg1 {[%emt 0:00:01]} Rd8 {[%emt 0:00:02]} 19. Qe3 {[%emt 0:00:01]} Rd3 {[%emt 0:00:01]} 20. Qe1 {[%emt 0:00:03]} Rxf3 {[%emt 0:00:01]} 21. Rg3 {[%emt 0:00:00]} Nd3 {[%emt 0:00:04]} 22. Qe2 {[%emt 0:00:04]} Rxf2+ {[%emt 0:00:01]} 23. Qxf2 {[%emt 0:00:03]} Nxf2 {[%emt 0:00:00]} 24. Rf3 {[%emt 0:00:04]} Nxe4 {[%emt 0:00:11]} 25. Rxf7 {[%emt 0:00:03]} Qxf7 {[%emt 0:00:00]} 26. Bxf7+ {[%emt 0:00:01]} Kxf7 {[%emt 0:00:00]} 27. Re1 {[%emt 0:00:01]} Nd2 {[%emt 0:00:03]} 28. Kg3 {[%emt 0:00:04]} e4 {[%emt 0:00:01]} 29. b3 {[%emt 0:00:02]} Nd5 {[%emt 0:00:02]} 30. Re2 {[%emt 0:00:03]} e3 {[%emt 0:00:01]} 31. c4 {[%emt 0:00:02]} Nc3 {[%emt 0:00:01]} 32. Rxe3 {[%emt 0:00:01]} Nf1+ {[%emt 0:00:01]} 33. Kf2 {[%emt 0:00:01]} Nxe3 {[%emt 0:00:00]} 34. Kxe3 {[%emt 0:00:00]} Nxa2 {[%emt 0:00:02]} 35. Kd4 {[%emt 0:00:00]} Nb4 {[%emt 0:00:01]} 36. Kc3 {[%emt 0:00:00]} Na6 {[%emt 0:00:01]} 37. Kd4 {[%emt 0:00:00]} c5+ {[%emt 0:00:01]} 38. Kd5 {[%emt 0:00:01]} Ke7 {[%emt 0:00:01]} 39. Ke5 {[%emt 0:00:01]} b6 {[%emt 0:00:01]} 40. h4 {[%emt 0:00:00]} Nc7 {[%emt 0:00:01]} 41. Kf5 {[%emt 0:00:01]} g6+ {[%emt 0:00:00]} 42. Ke5 {[%emt 0:00:00]} Kf7 {[%emt 0:00:00]} 43. Kd6 {[%emt 0:00:01]} Na6 {[%emt 0:00:00]} 44. Kc6 {[%emt 0:00:01]} Nb4+ {[%emt 0:00:00]} 45. Kb7 {[%emt 0:00:00]} Nd3 {[%emt 0:00:00]} 46. Kxa7 {[%emt 0:00:01]} Nc1 {[%emt 0:00:00]} 47. Kxb6 {[%emt 0:00:00]} Nxb3 {[%emt 0:00:00]} 48. Kb5 {[%emt 0:00:01]} Nd2 {[%emt 0:00:00]} 49. Kxc5 {[%emt 0:00:01]} Nxc4 {[%emt 0:00:00]} 50. Kxc4 {[%emt 0:00:00]} Kg7 {[%emt 0:00:00]} 51. Kd4 {[%emt 0:00:00]} Kh6 {[%emt 0:00:00]} 52. Ke4 {[%emt 0:00:01]} Kh5 {[%emt 0:00:00]} 53. Kf4 {[%emt 0:00:00]} Kxh4 {[%emt 0:00:00]} 54. Ke5 {[%emt 0:00:00]} g5 {[%emt 0:00:00]} 55. Ke4 {[%emt 0:00:00]} h5 {[%emt 0:00:00]} 56. Kf3 {[%emt 0:00:00]} g4+ {[%emt 0:00:00]} 57. Kg2 {[%emt 0:00:00]} Kg5 {[%emt 0:00:00]} 58. Kh2 {[%emt 0:00:00]} h4 {[%emt 0:00:00]} 59. Kg2 {[%emt 0:00:00]} h3+ {[%emt 0:00:00]} 60. Kh2 {[%emt 0:00:00]} Kf4 {[%emt 0:00:00]} 61. Kg1 {[%emt 0:00:01]} Kf3 {[%emt 0:00:00]} 62. Kh1 {[%emt 0:00:00]} Kg3 {[%emt 0:00:00]} 63. Kg1 {[%emt 0:00:00]} Kh4 {[%emt 0:00:01]} 64. Kh1 {[%emt 0:00:00]} g3 {[%emt 0:00:00]} 65. Kg1 {[%emt 0:00:00]} Kg4 {[%emt 0:00:00]} 66. Kh1 {[%emt 0:00:00]} Kf3 {[%emt 0:00:00]} 67. Kg1 {[%emt 0:00:00]} h2+ {[%emt 0:00:01]} 68. Kf1 {[%emt 0:00:00]} Kg4 {[%emt 0:00:00]} 69. Kg2 {[%emt 0:00:01]} Kh4 {[%emt 0:00:00]} 70. Kh1 {[%emt 0:00:00]} Kh3 {[%emt 0:00:00] (Lag: Av=0.35s, max=0.7s)} 1/2-1/2

[Event "Stay Safe Play From Home 184"]
[Site "T#646426Emanuel Laske"]
[Date "2020.05.29"]
[Round "5"]
[White "Weltszmerc"]
[Black "Little champs"]
[Result "1-0"]
[WhiteElo "2049"]
[BlackElo "2132"]
[Annotator "TA"]
[PlyCount "115"]
[EventDate "2020.05.29"]
[EventType "swiss (blitz)"]

{[%evp 9,114,18,58,38,34,42,97,20,99,89,105,71,90,94,102,70,125,114,154,146,255,263,340,356,325,264,251,255,249,209,206,195,226,196,361,341,341,333,378,359,358,321,506,500,513,495,598,583,1039,1064,1898,1740,1568,1509,1375,1102,1251,1052,1008,1008,29952,29965,29981,4927,29978,29977,29994,29992,29992,29993,29993,29986,29986,29987,29985,29984,29992,29993,29993,29994,29994,29994,29994,29995,29995,29996,29996,29996,29996,29996,29996,29996,29996,29996,29996,29996,29998,29996,29996,29996,29996,29996,29997,29997,29998,29999,29999]} 1. d4 c6 2. c4 d5 3. Nf3 dxc4 4. g3 Nf6 5. Bg2 Bg4 6. O-O {D11: Slav Defence: 3 Nf3 sidelines and 3...Nf6 4 e3 Bg4.} Bxf3 7. Bxf3 {[#]} g6 $146 (7... e6 $14) ({Predecessor:} 7... e6 8. e3 Qc7 9. Nd2 Nbd7 10. Nxc4 Be7 11. Bd2 O-O 12. Rc1 Rfd8 13. Qc2 e5 {½-½ (23) Salisbury,M (2070)-Harlow,P Leicester 2013}) 8. Nd2 ({White should play} 8. Na3 $16) 8... Bg7 (8... Qxd4 $11 {keeps the balance.} 9. Qc2 Qd7) 9. Nxc4 $16 O-O 10. e4 Nbd7 11. Be3 Rc8 12. b4 a6 ({Better is} 12... Ne8 $14) 13. a4 Re8 14. Rc1 e6 (14... Bf8 $16 {was necessary.} 15. Bf4 Nb6) 15. Nd6 $18 Re7 16. Nxc8 Qxc8 17. e5 Nd5 18. Bxd5 exd5 19. Bg5 Re8 20. Re1 h6 21. Be3 g5 $2 {[#]} (21... Nb6 22. b5 Nc4 23. bxc6 Qxc6) 22. b5 $1 axb5 23. axb5 Nf8 24. bxc6 bxc6 25. Qh5 Ne6 (25... Re6 {is a better defense.} 26. f4 Rg6 27. fxg5 hxg5) 26. h4 gxh4 27. Qxh4 Kh7 28. Kg2 {Strongly threatening Bxh6!} Rg8 29. Rh1 {[%cal Re3h6]} Qf8 30. Rxc6 Rh8 31. Qh5 Kg8 32. Qf5 Qe7 33. Rc8+ Nf8 34. Rb1 h5 35. Rbb8 h4 {[#]} 36. Bg5 (36. Re8 $142 $1 Qc7 37. e6 hxg3 38. e7 {[%mdl 64] Pin} Rh2+ {[#]} 39. Kf3 $1 {[%mdl 512]} Rxf2+ 40. Bxf2 Qxb8 41. Rxb8 {[%mdl 64] Pin}) 36... h3+ 37. Kh2 {White mates.} Qa3 38. Bf6 Rh6 39. Bxg7 Kxg7 40. Rxf8 Qxf8 41. Rxf8 Kxf8 {[%mdl 4096] Endgame KQ-KR} 42. Qg5 Rb6 43. Qd8+ {[%mdl 64] Double Attack} Kg7 44. Qxb6 Kh7 45. Kxh3 Kg7 46. Qd6 Kh7 47. Kg4 Kg7 48. f4 Kh7 49. f5 Kg7 50. Kf3 Kh7 51. g4 Kg7 52. g5 Kh7 53. Qxd5 Kg8 54. Qd6 Kg7 55. Qf6+ Kh7 56. g6+ Kg8 57. Qxf7+ Kh8 58. Qh7# {Black got outplayed after the opening. Accuracy: White = 65%, Black = 33%.} 1-0

[Event "Stay Safe Play From Home 184"]
[Site "T#646426Emanuel Laske"]
[Date "2020.05.29"]
[Round "5"]
[White "Lazieri3"]
[Black "Trotsky"]
[Result "1-0"]
[WhiteElo "2026"]
[BlackElo "1557"]
[Annotator "TA"]
[PlyCount "53"]
[EventDate "2020.05.29"]
[EventType "swiss (blitz)"]

{[%evp 9,53,-36,-24,-79,-75,-102,-91,-93,-44,-47,-46,-36,-9,-45,-50,-60,-42,-131,0,-109,-87,-108,-124,-345,-179,-189,-179,-169,-92,-97,-35,-36,25,-17,-24,-98,62,77,46,48,221,215,749,707,829,815]} 1. e4 c5 2. Nc3 e6 3. d3 d5 4. Nf3 Nc6 5. Bg5 f6 6. Bh4 {B40: Sicilian: 2...e6, Unusual lines.} (6. exd5 $11 exd5 7. Bd2) 6... d4 $17 7. Ne2 {[#]} g5 $146 (7... h5 {with more complications.} 8. Bg3 e5 9. h4 Qb6 10. Rb1 Be6) ({Predecessor:} 7... Be7 8. c3 e5 9. cxd4 cxd4 10. Nd2 Bb4 11. f4 Nge7 12. fxe5 fxe5 13. Bxe7 Qxe7 {0-1 (26) Tassinati,M (506)-Zalascek,V (1000) LSS email 2010}) 8. Bg3 {Black is better.} Bd6 9. Bxd6 Qxd6 10. Nd2 Bd7 11. Ng3 (11. Nc4 $5 {[%cal Rc4d6]} Qc7 12. Ng3 $11) 11... O-O-O 12. a3 h5 13. h3 (13. Nxh5 $15 Kb8 14. Be2) 13... Nh6 (13... h4 $17 14. Nc4 Qc7) 14. Ne2 (14. Nxh5 $11 Qe7 15. Be2) 14... f5 15. exf5 exf5 16. c4 $2 (16. Nf3 $17 {might work better.}) 16... Rde8 (16... dxc3 $142 17. Nxc3 Nd4) 17. Qc2 Kb8 18. O-O-O Rc8 (18... h4 $19 19. Kb1 b6) 19. g3 Qc7 (19... Ne5 $17 20. Bg2 Nhf7) 20. Bg2 $15 Qa5 ({Black should play} 20... Ne5 $15) 21. Nb3 Qb6 22. f4 {[#]} (22. Nd2 $11 {keeps the balance.}) 22... Rc7 $2 (22... g4 $1 $17 23. Kb1 gxh3 24. Bxh3 Rce8) 23. fxg5 $14 Nf7 24. h4 $36 {[%mdl 2048] White fights for an advantage.} Rhc8 $2 {[#]} (24... Nce5 $1 $14 25. Nd2 Ng4) 25. Nf4 $1 $18 {[%cal Rf4d5] Threatens to win with Nd5.} Nb4 $2 (25... Nce5) 26. axb4 cxb4 27. Nd5 {Never resign too early! Accuracy: White = 51%, Black = 31%.} 1-0

[Event "Stay Safe Play From Home 184"]
[Site "T#646426Emanuel Laske"]
[Date "2020.05.29"]
[Round "5"]
[White "Germanicus G"]
[Black "The Next Contender"]
[Result "0-1"]
[WhiteElo "1261"]
[BlackElo "1989"]
[Annotator "TA"]
[PlyCount "40"]
[EventDate "2020.05.29"]
[EventType "swiss (blitz)"]

{[%evp 9,40,-27,-32,-39,-28,-63,-27,-33,-11,-11,0,-13,28,0,0,0,119,119,124,127,360,51,59,63,92,7,3,-507,11,-13,6,-821,-818]} 1. e3 d5 2. g3 c5 3. Bg2 e6 4. d4 Nf6 5. dxc5 Bxc5 6. Nf3 {A00: Irregular Openings.} O-O 7. O-O b6 8. b3 {Black has an edge.} Bb7 9. Bb2 {[#]} Be7 $146 ({Predecessor:} 9... Nbd7 10. Nbd2 Rc8 11. c4 Ba6 12. Rc1 Be7 13. Re1 dxc4 14. Nxc4 Bxc4 15. Rxc4 Rxc4 16. bxc4 {½-½ (43) Bergner,M (1571)-Beinrucker,C (1899) Frankfurt 2016}) 10. Nbd2 Ne4 11. Nxe4 dxe4 12. Nd2 Bf6 (12... f5 $11) 13. Bxf6 $16 Qxf6 14. Nxe4 Qg6 $2 {[#]} (14... Qe7 $16) 15. Nd2 $2 (15. Nf6+ $1 $18 {[%mdl 512]} Qxf6 16. Bxb7) 15... Bxg2 $14 16. Kxg2 Rd8 17. Qc1 (17. Qf3 $16 Na6 18. Ne4) 17... Nc6 $11 18. Nf3 $2 {[%mdl 8192]} (18. Nc4 $11) 18... Nb4 $2 ({Black should try} 18... Qe4 $19 {Strongly threatening ...Ne5.} 19. Qb2 Rd5) 19. c3 Nd3 20. Qc2 $2 {[%mdl 8192] [#]} (20. Qb1 $11) 20... Nf4+ $1 {[%mdl 576] Pin, Discovered Attack. Accuracy: White = 32%, Black = 36%.} 0-1

[Event "Stay Safe Play From Home 184"]
[Site "T#646426Emanuel Laske"]
[Date "2020.05.29"]
[Round "6"]
[White "Broken sword"]
[Black "Mepe_Nika"]
[Result "1-0"]
[WhiteElo "2528"]
[BlackElo "2300"]
[Annotator "TA"]
[PlyCount "101"]
[EventDate "2020.05.29"]
[EventType "swiss (blitz)"]

{[%evp 11,101,0,5,0,0,-10,-18,-26,-10,-43,0,0,56,56,58,64,66,62,60,47,45,30,40,20,69,45,46,20,41,21,77,66,72,70,143,107,148,100,154,145,192,41,232,101,136,136,125,132,220,220,228,229,260,222,208,161,206,195,221,227,214,221,317,255,250,248,257,241,275,270,230,105,166,166,172,156,223,223,387,372,437,268,424,409,1220,1071,1220,1220,1198,1148,29992,29993]} 1. d4 d5 2. c3 Nf6 3. Nf3 Bf5 4. Bf4 e6 5. Nbd2 c5 6. e3 Nc6 7. Be2 {D00: 1 d4 d5: Unusual lines.} Bd6 8. Bg3 O-O 9. O-O {The position is equal.} Re8 {[#]} 10. Nb3 $146 ({Predecessor:} 10. Nh4 Be4 11. Bxd6 Qxd6 12. f3 Bg6 13. Nxg6 fxg6 14. f4 Rf8 15. Rf3 Ne7 16. Rh3 {½-½ (32) Basnet,P (1492)-Khadka,N Budhanilkantha 2019}) 10... cxd4 (10... c4 {is interesting.} 11. Nbd2 h6 12. Ne5 Bxe5 13. dxe5 Nd7) 11. cxd4 e5 (11... Bxg3 $11 12. hxg3 Qb6) 12. dxe5 Nxe5 13. Nxe5 Bxe5 14. Bxe5 Rxe5 15. Bd3 Be4 16. Nd4 Rg5 17. Bxe4 Nxe4 18. Nf3 Rg6 19. Rc1 h6 20. Qd4 Ng5 (20... Rc6 $11) 21. Nxg5 $16 Qxg5 {[%csl Gg6][%cal Rg5g2] [#]} 22. g3 Re8 ({Better is} 22... Rd6 $14) 23. Rfd1 Rd8 24. Rc7 h5 (24... Rb6 $142) 25. h4 $36 {[%mdl 2048] White is really pushing.} Qf5 26. Qf4 $2 (26. Qxa7 Qf3 $11) (26. Rxb7 $18 Rg4 27. Qd3 (27. Qxa7 Qf3 $11) 27... Qxd3 28. Rxd3) 26... Qe6 $2 (26... Qxf4 $14 27. exf4 Rb6) 27. Rd4 (27. Rxb7 $18 {and the rest is easy.} Rg4 28. Qf3) 27... Rg4 28. Qf3 Rxd4 29. exd4 {[%mdl 4096] Endgame KQR-KQR} Qe1+ (29... g6 $16) 30. Kg2 $18 Qe4 31. Rxb7 (31. Rxf7 $6 Qxf3+ 32. Rxf3 Rd6) 31... f6 32. Qxe4 dxe4 {KR-KR} 33. Rb4 Rd5 34. Kf1 Kf7 35. Ke2 Ke6 36. Ke3 g5 (36... Rf5 $142 37. Rb7 (37. Kxe4 Rxf2 38. Rb7 g5 $16) 37... Rf3+ 38. Kxe4 Rxf2 39. Rxg7 Rxb2 40. Rxa7 Re2+ 41. Kf3 Rd2 42. Ra6+ Ke7) 37. hxg5 fxg5 38. Kxe4 Ra5 39. a3 h4 40. gxh4 gxh4 41. Kf4 (41. Rb3 $18 {and White stays clearly on top.}) 41... h3 (41... Rf5+ $16 42. Kg4 Rxf2) 42. Kg3 Rh5 {[#] White must now prevent ...h2.} 43. Kh2 Rh8 (43... Rf5 $16 44. Kxh3 Rxf2) 44. Ra4 Kd5 $2 (44... Rf8 {keeps fighting.} 45. f4 (45. Rxa7 Rxf2+ 46. Kxh3 Rxb2 $11) 45... Kd5 46. Ra5+ (46. Kxh3 Rxf4 47. Ra5+ Kxd4 $16) 46... Ke4 47. Rxa7 (47. Kxh3 Rxf4 48. Kg2 Rf7 $16) 47... Rxf4) 45. Rxa7 Kxd4 46. Re7 Kd3 (46... Rf8 {was worth a try.} 47. Kxh3 Rxf2) 47. Re3+ Kc2 (47... Kd4 $142 48. Rxh3 Rb8) 48. b4 Rf8 49. Kxh3 Rxf2 50. Kg3 Kb2 51. Kxf2 {Accuracy: White = 66%, Black = 27%.} 1-0

[Event "Stay Safe Play From Home 184"]
[Site "T#646426Emanuel Laske"]
[Date "2020.05.29"]
[Round "6"]
[White "Tolka"]
[Black "Eidgenosse"]
[Result "0-1"]
[WhiteElo "2284"]
[BlackElo "2449"]
[Annotator "TA"]
[PlyCount "92"]
[EventDate "2020.05.29"]
[EventType "swiss (blitz)"]

{[%evp 9,91,84,88,52,82,48,113,38,102,62,102,97,151,142,150,102,109,105,313,160,148,-35,-23,-27,-24,-31,-11,-17,-17,-277,-264,-747,-740,-755,-762,-755,-693,-711,-609,-637,-641,-641,-636,-635,-628,-672,-667,-671,-664,-841,-825,-954,-938,-904,-885,-29982,-29983,-29983,-29984,-29990,-29991,-29991,-29992,-29992,-29993,-29993,-29992,-29992,-29992,-29992,-29993,-29993,-29994,-29995,-29995,-29995,-29996,-29996,-29997,-29997,-29998,-29998,-29999,-29999]} 1. e4 d6 2. d4 Nd7 3. Nc3 Ngf6 4. g4 e5 5. g5 Ng8 6. Be3 {B07: Pirc Defence: Miscellaneous Systems.} c6 {[#]} 7. a4 $146 ({Predecessor:} 7. Nge2 h6 8. Qd2 hxg5 9. Bxg5 Be7 10. Be3 Ngf6 11. f3 b5 12. d5 b4 13. dxc6 {0-1 (25) Tirziman,R (1943)-Melaugh,S (2086) Dublin 2018}) 7... Ne7 (7... h6 $14) 8. Nge2 (8. Nf3 $16) 8... Qc7 (8... f5 $14) 9. Bg2 Ng6 10. h4 exd4 ({Black should try} 10... h6) 11. Qxd4 $16 Nge5 12. f3 a5 13. O-O-O Be7 $2 (13... Nc5 $16) 14. h5 ({Better is} 14. f4 $18) 14... Nc5 15. Qd2 $2 (15. f4 $16) 15... Nc4 $15 16. Qd4 {[%mdl 64] [#] Double Attack} Be6 {Threatens to win with ...Qb6.} 17. b3 Nxe3 18. Qxe3 Qb6 $36 {[%mdl 2048] White is under pressure.} 19. Qd4 $2 {[%mdl 8192]} (19. Nd4 $1 $11 {and White stays safe.}) 19... Bxg5+ $19 20. Kb2 $2 (20. f4 Bf6 21. Qg1) 20... Bf6 21. Qxd6 Nxa4+ 22. Kc1 Nxc3 23. Nxc3 {intending Nd5!} Bxc3 24. Bh3 Rd8 25. Qxd8+ Qxd8 26. Rxd8+ Kxd8 27. Bxe6 fxe6 {[%mdl 4096] Endgame KRB-KR} 28. Rd1+ Ke7 29. Rd3 Be5 30. f4 Bxf4+ 31. Kb2 Rd8 {aiming for ...Rxd3.} 32. Ka3 Rxd3 {Black mates.} 33. cxd3 {KB-KP} g5 34. Ka4 g4 35. Kxa5 g3 36. Kb6 g2 37. Kxb7 c5 38. Kc6 Be3 39. b4 cxb4 {KB-K3P} 40. Kb5 g1=Q 41. Kc6 Qc1+ 42. Kb5 b3 43. Ka4 b2 44. Kb3 b1=Q+ {[%mdl 64] [#] Double Attack} 45. Ka4 Qcc2+ 46. Ka5 Qca2# {Black used his chance. Accuracy: White = 29%, Black = 64%.} 0-1